| 000 | 01425nam a2200301 i 4500 | ||
|---|---|---|---|
| 003 | DO-SdBNP | ||
| 005 | 20260427105927.0 | ||
| 007 | ta | ||
| 008 | 260427b2025 dr a|||| |||| 00| 0 spa d | ||
| 020 | _a9789945663006 | ||
| 040 |
_aDO-SdBNP _bspa _cBNPHU _erda |
||
| 041 | _aspa | ||
| 082 | 4 |
_axxx _bP426a _222 |
|
| 100 |
_aPeralta Checo, H. Teresa _eautor _4aut. _911633 |
||
| 245 | 1 | 0 |
_aAcceso a recursos de información / _cTeresa Peralta, H. |
| 264 |
_aSanto Domingo, República Dominicana : _bEditorial Santuario, _c2025. |
||
| 300 |
_a65 páginas : _bilustraciones ; _c23 cm. |
||
| 336 |
_atexto _btxt _2rdacontent |
||
| 337 |
_asin mediación _bn _2rdamedia |
||
| 338 |
_avolumen _bnc _2rdacarrier |
||
| 490 | 0 |
_aCuadernos de Bibliotecología y Ciencias de la Información _vno. 1. Septiembre 2024 |
|
| 500 | _aIncluye datos biográficos de la autora en la solapa de la cubierta. | ||
| 504 | _aBibliografía: páginas 59-61 | ||
| 505 | _aPreámbulo, 11 -- Introducción, 15 -- Colección de información y referencia, 29 -- Productos informativos documentales, 35 --Personal del servicios de información bibliográfica, 39 -- El proceso de consulta, 43 --Tipos de consultas, 43 -- Etapas, 45 -- Estrategias de búsqueda, 46-- Metodología, 47 -- El servicios de información bibliográfica hoy, 51-- Evaluación, Conclusión, 57 -- | ||
| 590 | _aInventariado, 2026 /LP | ||
| 910 | _aLP | ||
| 942 |
_2ddc _cLBS1 |
||
| 999 |
_c60617 _d60617 |
||